Introdukcia a aklimatizácia drevín v podmienkach Strednej Európy (venované 75. výročiu narodenia Dr. h. c. doc. Ing. Františka Benčaťa, DrCs.) : (Topoľčianky - Arborétum Mlyňany 2004)
| Other Authors: | |
|---|---|
| Format: | Book |
| Language: | Slovak English Czech |
| PhysicalDescription: | 265 s. fotogr., ilustr., mp., tab. 21 cm 1 CD |
| Published: |
[Poníky ]
Partner
2004
|
| ISBN: | 8089183115 |
| Edition: | [1. vyd.] |
| Subjects: |
MARC
| LEADER | 00000cam a2200000 a 4500 | ||
|---|---|---|---|
| 001 | vtls001524112 | ||
| 003 | SK-MaSNL | ||
| 005 | 20260302073937.0 | ||
| 008 | 171201s2004 xo oablf 100 0 slo | ||
| 015 | |a SNBA2005/05-01927 | ||
| 020 | |a 8089183115 |q (brož.) | ||
| 035 | |a 08FB986B-6782-4AF4-9949-BBE7B11160FC | ||
| 035 | |a urn:nbn:sk:snk-amk6pz | ||
| 035 | |a urn:nbn:sk:snk-am008dwv | ||
| 040 | |a SNK |b slo |c SNK |e AACR2 | ||
| 041 | 0 | |a slo |a eng |a cze |b eng |b cze |b rus |b slo | |
| 043 | |a e------- | ||
| 044 | |a xo |c SK | ||
| 072 | 7 | |a 630 |x Lesníctvo |2 konspekt | |
| 080 | |a 581.522.4 |2 1997 | ||
| 080 | |a (4) |2 1997 | ||
| 080 | |a (063) |2 1997 | ||
| 080 | |a 582.091/.097:630 |2 1997 | ||
| 080 | |a 630.17 |2 1997 | ||
| 080 | |a 582.091/.097 |2 1997 | ||
| 245 | 0 | 0 | |a Introdukcia a aklimatizácia drevín v podmienkach Strednej Európy |b (venované 75. výročiu narodenia Dr. h. c. doc. Ing. Františka Benčaťa, DrCs.) : (Topoľčianky - Arborétum Mlyňany 2004) |c Tibor Benčať (ed.) |
| 250 | |a [1. vyd.] | ||
| 260 | |a [Poníky ] |b Partner |c 2004 | ||
| 300 | |a 265 s. |b fotogr., ilustr., mp., tab. |c 21 cm |e 1 CD | ||
| 500 | |a Čiast. text angl., čes. | ||
| 501 | |a Miesto vyd. podľa ISBN | ||
| 504 | |a Bibliogr. odkazy | ||
| 506 | |a 100 výtl. | ||
| 546 | |a Res. angl., čes., rus., slov. | ||
| 650 | 0 | 7 | |a dreviny |2 SNKPH |9 18801 |
| 650 | 0 | 7 | |a introdukcia rastlín |2 SNKPH |9 83470 |
| 650 | 0 | 7 | |a lesné dreviny |2 SNKPH |9 28962 |
| 650 | 0 | 7 | |a lesnícka dendrológia |2 SNKPH |9 74944 |
| 655 | 7 | |a zborníky konferencií |2 SNKPH |9 70153 | |
| 700 | 1 | |a Benčať, Tibor, |d 1957- |4 edt |9 204881 | |
| 919 | |a 80-89183-11-5 | ||
| 958 | |a OND | ||
| 968 | |d 63 | ||
| 999 | |c 1162976 |d 1164906 | ||
| 952 | |a SNK |b SNK |y PREZ |7 0 |p 17A0467006 |o snkSC 119617 |i snk2005/6396 |8 0 |0 0 |1 0 |4 0 |d 2005-04-18 |f 1 |l 0 |r 2025-05-28 00:00:00 |w 2026-02-24 | ||
| 952 | |a SNK |b SNK |y PREZ |7 0 |p 17A0467005 |o snkSC 119617/príl. |i snk2005/6396 |8 0 |0 0 |1 0 |4 0 |d 2005-04-18 |l 0 |r 2025-05-28 00:00:00 |w 2026-02-24 | ||
| 952 | |a SNK |b SNK |y VYP |7 0 |p 17A0467008 |o snkSC 119617 D1 |i snk2005/6397 |8 0 |3 CD v skrini -- obsahuje CD rom |0 0 |1 0 |4 0 |d 2005-04-18 |l 1 |m 1 |r 2026-05-07 13:34:32 |s 2026-02-28 |w 2026-02-24 | ||
| 952 | |a SNK |b SNK |y VYP |7 0 |p 17A0467007 |o snkSC 119617/príl. D1 |i snk2005/6397 |8 0 |0 0 |1 0 |4 0 |d 2005-04-18 |l 0 |r 2026-05-07 13:34:33 |w 2026-02-24 | ||


